Länder mit den meisten Metropolregionen - Statistiken

Allgemein
  • Dieses Quiz wurde 62 mal gespielt
  • Das Durchschnittsergebnis liegt bei 26 aus 31
Antwortstatistiken
Anzahl Agglomerationen
über 1 Mio Einwohner
Länder % Korrekt
24 Brasilien
100%
175 ±10 China
100%
16 Deutschland
100%
17 Mexiko
98%
55 Vereinigte Staaten
98%
6 Frankreich
96%
70 ±5 Indien
96%
10 Italien
96%
23 Indonesien
94%
13 Japan
94%
20 Russland
94%
10 Vereinigtes Königreich
94%
6 Kanada
90%
9 Iran
88%
14 Pakistan
87%
6 Südafrika
87%
11 Türkei
87%
5 Australien
85%
7 Kolumbien
83%
15 Nigeria
83%
6 Südkorea
81%
5 Ukraine
79%
5 Vietnam
77%
5 Saudi-Arabien
73%
6 Irak
71%
9 Bangladesch
69%
6 Demokratische Republik Kongo
67%
5 Philippinen
67%
5 Venezuela
54%
6 Marokko
48%
6 Taiwan
46%
Keine übereinstimmenden Quizze gefunden
Verteilung der Resultate
Anzahl Personen mit jedem Resultat
Perzentil nach korrekt beantworteten Fragen
Ihre Resultats-Entwicklung
Sie haben dieses Quiz noch nicht gespielt